Online Catalogue and eLibrary

The History of ancient aryantribes in Sri Lanka : (Record no. 3507)

MARC details
000 -LEADER
fixed length control field 00528nam a2200181Ia 4500
005 - DATE AND TIME OF LATEST TRANSACTION
control field 20250129054052.0
008 - FIXED-LENGTH DATA ELEMENTS--GENERAL INFORMATION
fixed length control field 240331s9999 xx 000 0 und d
020 ## - INTERNATIONAL STANDARD BOOK NUMBER
ISBN 9559266003
082 ## - DDC Classification
Item Number - Author Mark AMU
Class No. 954
100 ## - MAIN ENTRY--PERSONAL NAME
Personal name Amunugama, E.M.C
245 #4 - TITLE STATEMENT
Title The History of ancient aryantribes in Sri Lanka :
Remainder of title yaksas, nagas, devas, sakyas
260 ## - PUBLICATION, DISTRIBUTION, ETC.
Place of publication, distribution, etc. Colombo
Name of publisher, distributor, etc. J.R. Jayewardene Cultural Centre Publication
Date of publication, distribution, etc. 1994
300 ## - PHYSICAL DESCRIPTION
Extent (e.g. Volumes, Pages etc.) iv, 309 p .,
650 ## - SUBJECT ADDED ENTRY--TOPICAL TERM
Topical term or geographic name entry element History
650 ## - SUBJECT ADDED ENTRY--TOPICAL TERM
Topical term or geographic name entry element Cultural
650 ## - SUBJECT ADDED ENTRY--TOPICAL TERM
Topical term or geographic name entry element Yaksas/ Raksas in India
942 ## - Koha item type (Biblio)
Koha item type Books in Stacks (Lending)
Holdings
Lost status Damaged status Collection code Home library Current library Shelving location Date acquired Full call number Accession Number Item type
    Lending WERC Library WERC Library Social Science Cupboard 03/31/2024 954.9 AMU 5089 Books in Stacks (Lending)

© WERC Library